00936nam a2200253 i 4500001000700000003000900007005001700016007000300033008004100036020001800077080001500095245011100110260004800221300003000269490002100299650002900320700003700349700002600386710003500412830002900447852006500476999001900541952012200560113281ES-MaACL20230906185828.0t|070222s1992 fr ||||1| fre d a2-85850-669-8 a791.43(72)03aLe cinema mexicain / csous la direction de Paulo Antonio Paranagua ; textes de Nelson Carro ... [et al.]. aParis : bCentre Georges Pompidou, c[1992] a333 p. : bil. ; c24 cm.1 aCinéma-pluriel 4aCine-zMéxico.91709381 aParanagua, Paulo Antonio.9889351 aCarro, Nelson.9358232 aCentre Georges Pompidou.925551 aCinéma-pluriel9185726 aES-MaACLjE-11587 z- Biblioteca Jacinto Martínez Lacalle. c113281d113281 00104070aATENEOMbATENEOMcDEPO2d2008-01-17eSCl0oE-11587p1118155r2023-02-23 00:00:00w2023-02-23yMONOGRAFIA